Statistics for DragonBall Z General Quiz (Intermediate)

Click here to take the quiz!

General Stats

  • This quiz has been taken 4,465 times
  • The average score is 12 of 15

Answer Stats

HintAnswer% Correct
A Saiyan's physical weakness is their _____Tail
94%
What is the name of the fusion between Goten and Trunks?Gotenks
93%
Who was the first character to appear as a Super Saiyan 2?Son Gohan
93%
How many different forms does Freeza have?Four
92%
Who is the second character to appear as a Super Saiyan in the series?Trunks
91%
Goku transforms into a Super Saiyan when _____ is killed by Freeza.Krillin
88%
In the movies, who is considered the Legendary Super Saiyan?Broly
87%
Before he reached Super Saiyan, what technique does Goku use to increase his power in short bursts?Kaio Ken
84%
Who is Goku's biological father?Bardock
83%
What is Mr. Satan's name in the Funimation edited English Dub?Hercule
78%
Who is Goku's opponent in the final round of the second world tournament he fights in?Tenshinhan
66%
Namekians can regrow bodyparts as long as their what isn't damaged?Brain
64%
Which incarnation of Majin Boo does Mr. Satan befriend?Fat Boo/Mr.Boo
64%
What technique does Vegeta use to destroy Android 19?Super Vegeta's Big Bang Attack
56%
In Dragon Ball GT, what is the name of Goku's distant descendant?Goku Jr.
46%

Score Distribution

Percentile by Number Answered

Percent of People with Each Score

Your Score History

You have not taken this quiz